000 00322nam a22001457a 4500
008 231101b ||||| |||| 00| 0 eng d
020 _a18008426796
041 _aeng
080 _a2
082 _a2MOR
100 _a45
101 _aTEOLO
245 _aIS THERE AN ETHICIST IN THE HOUSE
_cMORENO.D.J
942 _2udc
_cBK
999 _c60481
_d60481